Normal view
MARC view
Entry Nombre personal
001 - NÚMERO DE CONTROL
- campo de control: 14493
003 - IDENTIFICADOR DEL NÚMERO DE CONTROL
- campo de control: BNPHU
005 - FECHA Y HORA DE LA ÚLTIMA TRANSACCIÓN
- campo de control: 20240305132132.0
008 - DATOS DE LONGITUD FIJA
- campo de control de longitud fija: 200615|| aca||aabn | a|a d
010 ## - NÚMERO DE CONTROL DE LA BIBLIOTECA DEL CONGRESO
- Número de control de LC: n 93072693
040 ## - FUENTE DE LA CATALOGACIÓN
- Centro catalogador/agencia de origen: DO-SdBNP
- Lengua de catalogación: spa
- Centro/agencia transcriptor: BNPHU
- Normas de descripción: rda
100 1# - ENCABEZAMIENTO-NOMBRE DE PERSONA
- Nombre de persona: Medina, Oquendo,
- Fechas asociadas al nombre: 1955-
370 ## - LUGAR ASOCIADO
- Lugar de nacimiento: San Pedro de Macorís (República Dominicana)
372 ## - CAMPO DE ACTIVIDAD
- Campo de actividad: Escritor
374 ## - OCUPACIÓN
- Ocupación: Poeta
- Ocupación: Narrador
- Ocupación: Ensaysta
375 ## - GÉNERO/SEXO
- Género/Sexo: Masculino
377 ## - LENGUA/LENGUAJE ASOCIADO
- Código del idioma: spa
670 ## - FUENTE DE DATOS ENCONTRADOS
- Cita de la fuente: Work cat.: (OSt)4836: Medina, Oquendo 1955-, Compromiso social :, 2001.
670 ## - FUENTE DE DATOS ENCONTRADOS
- Cita de la fuente: Imágenes de luces y de sombras, c1986
670 ## - FUENTE DE DATOS ENCONTRADOS
- Cita de la fuente: Medina, O. Liderazgo político de Leonel Fernández, 2011
